000 00867nam a2200241Ia 4500
003 OSt
005 20220923222430.0
006 a|||||r|||| 00| 0
007 ta
008 220922b |||||||| |||| 00| 0 hin d
024 _a204,922
037 _cTextual
040 _aARTS
_cARTS
_bhin
041 _2hin
_ahin
082 _aO5:g, 152M8-;2-;3
100 _aमिश्र, भागीरथ
_9156318
245 0 _aपाश्चात्य काव्यशास्त्र
_b इतिहास सिद्धांत और वाद
246 _aPāshchātya kāvyashāstra: itihās siddhāanta aur vāda
260 _aवाराणसी
_b विश्वविद्यालय
_c1988
300 _a280पृ.
_ccm.
942 _hO5:g, 152M8-;2-;3
_cTEXL
_2CC
999 _c355670
_d355670